Organising for local government : a local political responsibility /

Сохранить в:
Библиографические подробности
Главный автор: Barratt, John
Другие авторы: Clarke, Michael (general editor), Stewart John (general editor)
Формат:
Опубликовано: Great Britain : Longman , c1988.
Серии:Managing local government.
Предметы:
Метки: Добавить метку
Нет меток, Требуется 1-ая метка записи!

MARC

LEADER 00000nam a2200000 4500
020 |a 9780582025554  |c TZS 
040 |a MUL  |b eng  |e AACR 
082 |a 352.041 BAR 
100 |a Barratt, John 
245 |a Organising for local government :   |b a local political responsibility /  |c John Barratt, John Downs.  
260 |a Great Britain :  |b Longman ,  |c c1988. 
300 |a viii, 128 p . :   |b illustrations ;   |c 24 cm 
440 |a Managing local government. 
504 |a Includes index. 
546 |a eng. 
650 |a Local government  |b Great Britain 
650 |a Administration  
700 |a Clarke, Michael (general editor) 
700 |a Stewart John (general editor) 
942 |c BK 
999 |c 1731  |d 1731